|
|
|
|
| LEADER |
00000nam0a2200000 4500 |
| 001 |
265131 |
| 005 |
20231101233907.0 |
| 035 |
|
|
|a (RuTPU)RU\TPU\book\288132
|
| 090 |
|
|
|a 265131
|
| 100 |
|
|
|a 20140625d1986 k y0rusy5003 ca
|
| 101 |
0 |
|
|a rus
|
| 102 |
|
|
|a LV
|
| 105 |
|
|
|a a z 001zy
|
| 200 |
1 |
|
|a Сетевые средства логического проектирования абонентских систем на базе микро-ЭВМ семейства "Электроника НЦ"
|f В. В. Пирогов, Н. А. Смирнов, С. Ф. Гайстеров
|g Академия наук Латвийской ССР (АН ЛатССР), Институт электроники и вычислительной техники (ИЭиВТ)
|
| 210 |
|
|
|a Рига
|c Зинатне
|d 1986
|
| 215 |
|
|
|a 157 с.
|c ил.
|
| 320 |
|
|
|a Библиогр.: с. 154-155 (34 назв.)
|
| 606 |
1 |
|
|a Вычислительные сети
|2 stltpush
|3 (RuTPU)RU\TPU\subj\67469
|9 83254
|
| 610 |
1 |
|
|a абонентские пункты
|
| 610 |
1 |
|
|a проектирование
|
| 610 |
1 |
|
|a микро-ЭВМ
|
| 610 |
1 |
|
|a логическое проектирование
|
| 610 |
1 |
|
|a модули
|
| 610 |
1 |
|
|a конфигурации
|
| 675 |
|
|
|a 681.324
|z rus
|v 3
|
| 700 |
|
1 |
|a Пирогов
|b В. В.
|g Владимир Витальевич
|4 070
|
| 701 |
|
1 |
|a Смирнов
|b Н. А.
|g Николай Алексеевич
|
| 701 |
|
1 |
|a Гайстеров
|b С. Ф.
|g Сергей Феликсович
|
| 712 |
0 |
2 |
|a Академия наук Латвийской ССР (АН ЛатССР)
|b Институт электроники и вычислительной техники (ИЭиВТ)
|2 stltpush
|3 (RuTPU)RU\TPU\col\6601
|
| 801 |
|
0 |
|a RU
|b RuMRKP
|c 19950417
|g psbo
|
| 801 |
|
1 |
|a RU
|b 63413507
|c 20140625
|
| 801 |
|
2 |
|a RU
|b 63413507
|c 20170209
|g RCR
|
| 942 |
|
|
|c BK
|